| 000 | 00600nam a22002173a 4500 | ||
|---|---|---|---|
| 005 | 20240417063637.0 | ||
| 008 | 011105s1985 es r 000 0 spa d | ||
| 020 | _a8427113625 | ||
| 035 | _aUPN01000113732 | ||
| 049 | _aCG | ||
| 050 | 4 |
_aHQ755.85 _bB4.3 |
|
| 100 | 1 | _aBertrán Quera, Miguel | |
| 245 | 1 | 0 |
_aEducar la familia, hoy / _cMiguel Bertrán Quera. |
| 260 |
_aBilbao, Esp. : _bMensajero, _c1985. |
||
| 300 | _a288 p. | ||
| 440 | 0 |
_aBolsillo mensajero ; _v94 _pPedagogía |
|
| 650 | 0 |
_aRelación padres-hijos _91359 |
|
| 650 | 4 |
_aFamilias _944286 |
|
| 905 | _aLibro | ||
| 999 |
_c87640 _d87640 |
||